000 00678nam a2200241 4500
001 102541
003 ES-MaACL
005 20250827062617.0
007 t|
008 051117s1980 sp l |||| | spa d
080 _a347(46)(094.5)
110 1 _aEspaña
_93622
245 1 0 _aLeyes civiles forales.
250 _a5ª ed.
260 _aMadrid :
_bBoletín Oficial del Estado,
_c1980.
300 _a873 p. ;
_c17 cm.
490 1 _aTextos legales ;
_v17
650 1 4 _aDerecho civil-
_zEspaña-
_vLegislación
_911663
650 _aFueros-
_zEspaña.
_912991
830 1 _aTextos legales ;
_v17
_9178122
852 _aES-MaACL
_jC-20219
999 _c102541
_d102541